00462nam a2200181Ia 4500008004100000020001800041050001400059100002000073245002800093245006000121260001500181260001600196260000900212300001400221300002700235300001000262500000800272170918s9999 xx 000 0 und d a9780545104364 bO586 2008 aO'Neill, Alexis 4aThe worst best friend / cby Alexis O'Neill ; illustrated by Laura Huliska-Beith. aNew York : bScholastic, c2008 aunpaged : bcolored illustration ; c25cm. a310